=LDR 00000nam 2200000 4500 =001 INLIS000000000015112 =005 20130612110408 =008 ***********************************Ind** =035 ##$$0010-061300000015112 =041 ##$$a Ind =082 ##$$a 372.6 =090 ##$$a 372.6, SUR-a =100 ##$$a Surawa, Spd =245 ##$$a Aku Cinta Bahasa Indonesia 6a, Pelajaran Bahasa Indonesia untuk Kelas 6 Sekolah Dasar tengah tahun pertama Berdasarkan Kurikulum Pendidikan Dasar 1994, Surawa, Spd =260 ##$$a 1995 $b Solo =300 ##$$a 70 hlm, Ilus, 22 cm =650 ##$$a Pendidikan Dasar-Bahasa Indonesia =850 ##$$a NBPNMAT